000 00483nam a2200181Ia 4500
001 7422
005 20260306160454.0
008 260306t2012||||xx |||||||||||||| ||spa||
041 _aESP
082 _a338.985
_bC235 2011
100 _aPontificia Universidad Católica del Perú. CENTRUM
_eAUT
245 0 _aÍndice de competitividad regional del Perú 2011
260 _c2012
300 _a472 páginas :
_c30 cm.
650 _aGEN
654 _aCAN
942 _cLIB
_dJUS
_fJUS
_2ddc
_n
999 _c7422
_d7422